Billie Eilish All Songs Updated 2024 - Statistics

General Stats
  • This quiz has been taken 371 times
    179 since last reset
  • The average score is 53 of 63
Answer Stats
Don't Smile At Me % Correct
2 LUNCH
97%
5 WILDFLOWER
97%
2 bad guy
96%
1 SKINNY
96%
10 BLUE
95%
3 CHIHIRO
95%
15 Happier Than Ever
95%
4 BIRDS OF A FEATHER
94%
7 ocean eyes
94%
8 THE DINER
94%
7 L'AMOUR DE MA VIE
93%
6 THE GREATEST
93%
13 i love you
92%
1 TV
92%
9 BITTERSUITE
91%
1 COPYCAT
91%
13 NDA
91%
8 8
90%
5 all the good girls go to hell
90%
6 bellyache
90%
Guess featuring Billie Eilish
90%
lovely (with Khalid)
90%
2 The 30th
90%
4 watch
90%
9 &burn
89%
11 ilomilo
89%
14 goodbye
88%
10 bury a friend
87%
16 Male Fantasy
87%
14 Therefore I Am
87%
2 I Didn't Change My Number
86%
2 idontwannabeyouanymore
86%
5 Oxytocin
86%
What Was I Made For?
86%
7 when the party's over
86%
4 my future
85%
3 xanny
85%
4 you should see me in a crown
85%
3 my boy
84%
1 Getting Older
83%
12 listen before i go
81%
9 my strange addiction
81%
6 wish you were gay
81%
3 Billie Bossa Nova
80%
8 Halley's Comet
80%
8 hostage
80%
5 party favor
80%
No Time To Die
79%
12 Your Power
79%
9 Not My Responsibility
78%
7 Lost Cause
77%
Bored
76%
everything i wanted
76%
6 GOLDWING
76%
10 Over Heated
75%
Six Feet Under
74%
11 Everybody Dies
73%
bitches broken hearts
72%
come out and play
72%
Lo Vas A Olvidar (with ROSALÍA)
67%
Never Felt So Alone
66%
WHEN I WAS OLDER
62%
hotline (edit)
59%
No matching quizzes found
Score Distribution
Percent of People with Each Score
Percentile by Number Answered
Your Score History
You have not taken this quiz since the last reset